000 00520nam a2200193Ia 4500
003 GCL
008 140319s9999 xx 000 0 ara d
040 _aGCL /
_cGCL
082 0 4 _a823
_bهـ ع
100 1 _aهاردى, توماس
245 1 0 _aعودة ابن البلد /
_cهاردى, توماس
700 1 _aسامى ناشد (مترجم)
300 _a238 ص
490 _a
650 0 4 _aالادب
650 0 4 _aالقصص الانجليزية المترجمة
650 0 4 _aالقصص
942 _2ddc
_cBK
999 _c40454
_d40454